Platero y yo; elegía andaluza /
Guardado en:
| Autor Principal: | |
|---|---|
| Otros Autores: | |
| Formato: | Libro |
| Publicado: |
Madrid :
Edaf,
2007.
|
| Edición: | 25a. ed. |
| Materias: | |
| Etiquetas: |
Agregar Etiqueta
Sin Etiquetas, Sea el primero en etiquetar este registro!
|
| LEADER | 00660nam a22002175a 4500 | ||
|---|---|---|---|
| 001 | CEM.cems020023 | ||
| 008 | 230425s2007####sp############000#0#####d | ||
| 005 | 20230425123501.0 | ||
| 245 | 1 | 0 | |a Platero y yo; elegía andaluza / |c Juan Ramón Jiménez; ilustrado por A. Úbeda. |
| 250 | |a 25a. ed. | ||
| 260 | |a Madrid : |b Edaf, |c 2007. | ||
| 300 | |a 110 p. | ||
| 020 | |a 847166979X | ||
| 100 | 1 | |a Jiménez, Juan Ramón | |
| 700 | 1 | |a Úbeda, A.; il. | |
| 082 | 0 | 4 | |a 868.6 |
| 653 | |a Cuento español-siglo 20 | ||
| 653 | |a Elegia española-siglo 20 | ||
| 653 | |a Literatura | ||
| 653 | |a Literatura española | ||
| 859 | |a CEMS |b BIB. CEMS - Agricultura |h 868.6 |i J564 |p A3533.23 |t Ej.1 | ||
